[Event "SR 2. liga A 2011/2012"]
[Site "?"]
[Date "2012.01.28"]
[Round "46.3"]
[White "Novak, Ivan"]
[Black "Manak, Jozef"]
[Result "1-0"]
[WhiteElo "2187"]
[BlackElo "2053"]
[PlyCount "79"]
[EventDate "2011.??.??"]
[WhiteTeam "Slovakia"]
[BlackTeam "Slovakia"]
[WhiteTeamCountry "SVK"]
[BlackTeamCountry "SVK"]

1. e4 c5 2. c3 Nf6 3. e5 Nd5 4. Nf3 e6 5. Bc4 d6 6. d4 Nc6 7. O-O Be7 8. Bxd5
exd5 9. exd6 Qxd6 10. dxc5 Qxc5 11. b4 Qd6 12. b5 Na5 13. Ba3 Qd8 14. Bxe7 Kxe7
15. Qd4 Kf8 16. Nbd2 Be6 17. Rfe1 b6 18. Qf4 Qf6 19. Qb4+ Qe7 20. Nd4 Ke8 21.
Nxe6 fxe6 22. Qg4 Kf7 23. Nf3 h5 24. Ng5+ Kg8 25. Qxe6+ Qxe6 26. Rxe6 Rh6 27.
Re7 Rf6 28. Rae1 a6 29. Re8+ Rf8 30. Rxf8+ Kxf8 31. Ne6+ Kf7 32. bxa6 Rxa6 33.
Nc7 Ra7 34. Nxd5 Nc4 35. Nb4 Rd7 36. h4 Rd2 37. g3 Kf6 38. Re4 b5 39. Rd4 Rb2
40. Rd5 1-0

[Event "SR 2. liga A 2011/2012"]
[Site "?"]
[Date "2012.01.28"]
[Round "46.4"]
[White "Manak, Adrian"]
[Black "Janos, Jozef"]
[Result "1/2-1/2"]
[WhiteElo "1931"]
[BlackElo "2145"]
[PlyCount "116"]
[EventDate "2011.??.??"]
[WhiteTeam "Slovakia"]
[BlackTeam "Slovakia"]
[WhiteTeamCountry "SVK"]
[BlackTeamCountry "SVK"]

1. e4 c5 2. Nf3 e6 3. d4 cxd4 4. Nxd4 a6 5. Nc3 Qc7 6. Be2 Nf6 7. O-O d6 8. a4
b6 9. Bg5 Nbd7 10. Nb3 Bb7 11. Qd4 Be7 12. f4 O-O 13. f5 Nc5 14. Bf3 d5 15. Kh1
e5 16. Qf2 d4 17. Bxf6 Bxf6 18. Nd5 Bxd5 19. exd5 Nxb3 20. cxb3 Rac8 21. Be4
Qd6 22. Qf3 Bg5 23. Rfd1 a5 24. Rf1 Rc5 25. Rfd1 f6 26. Rf1 Rd8 27. Rfd1 Rxd5
28. Bxd5+ Qxd5 29. Qxd5+ Rxd5 30. Re1 d3 31. Rad1 d2 32. Re4 Rc5 33. Rc4 Rxc4
34. bxc4 e4 35. Kg1 Kf7 36. Kf2 Ke7 37. Ke2 Kd6 38. h4 Bh6 39. g4 Kc5 40. Rg1
Bf4 41. Rf1 Be5 42. Kxd2 Kxc4 43. Ke3 Kb3 44. Kxe4 Kxa4 45. Kd5 Kb3 46. Kc6 a4
47. Kxb6 Bxb2 48. Kc6 a3 49. Kd5 a2 50. Ke6 g6 51. fxg6 hxg6 52. Kf7 f5 53.
gxf5 gxf5 54. Ke6 f4 55. Kf5 Kc2 56. Ke4 Bc1 57. Rf2+ Bd2 58. Rf1 Bc1 1/2-1/2

[Event "SR 2. liga A 2011/2012"]
[Site "?"]
[Date "2012.01.28"]
[Round "46.5"]
[White "Hajek, Lukas"]
[Black "Mihalik, Anton"]
[Result "1-0"]
[WhiteElo "2038"]
[BlackElo "1965"]
[PlyCount "41"]
[EventDate "2011.??.??"]
[WhiteTeam "Slovakia"]
[BlackTeam "Slovakia"]
[WhiteTeamCountry "SVK"]
[BlackTeamCountry "SVK"]

1. d4 d5 2. c4 e6 3. Nc3 Nf6 4. cxd5 exd5 5. Bg5 Be7 6. e3 c6 7. Bd3 Bg4 8.
Nge2 Nbd7 9. Qc2 h6 10. Bh4 Nh5 11. Bxe7 Qxe7 12. O-O-O Nb6 13. Kb1 O-O-O 14.
Bf5+ Bxf5 15. Qxf5+ Rd7 16. Qxh5 Qb4 17. a3 Qb3 18. Nc1 Qc4 19. Nd3 Re7 20.
Qg4+ Kb8 21. Qxg7 1-0

[Event "SR 2. liga A 2011/2012"]
[Site "?"]
[Date "2012.01.28"]
[Round "46.6"]
[White "Bincik, Pavol"]
[Black "Chovanec, Vladimir"]
[Result "1/2-1/2"]
[WhiteElo "1916"]
[BlackElo "2114"]
[PlyCount "27"]
[EventDate "2011.??.??"]
[WhiteTeam "Slovakia"]
[BlackTeam "Slovakia"]
[WhiteTeamCountry "SVK"]
[BlackTeamCountry "SVK"]

1. d4 e6 2. c4 f5 3. Nc3 Nf6 4. g3 Be7 5. Bg2 O-O 6. Nf3 d6 7. b4 a5 8. b5 Ne4
9. Nxe4 fxe4 10. Nd2 d5 11. e3 a4 12. O-O c6 13. bxc6 bxc6 14. f3 1/2-1/2

[Event "SR 2. liga A 2011/2012"]
[Site "?"]
[Date "2012.01.28"]
[Round "46.7"]
[White "Orolin, Peter"]
[Black "Nemsak, Denis"]
[Result "1-0"]
[WhiteElo "2074"]
[BlackElo "1916"]
[PlyCount "49"]
[EventDate "2011.??.??"]
[WhiteTeam "Slovakia"]
[BlackTeam "Slovakia"]
[WhiteTeamCountry "SVK"]
[BlackTeamCountry "SVK"]

1. Nf3 d5 2. d4 Nf6 3. c4 c6 4. Nc3 Bf5 5. Qb3 Qb6 6. c5 Qxb3 7. axb3 Bc2 8. b4
Na6 9. b5 Nb4 10. Bf4 Bb3 11. Kd2 Ne4+ 12. Nxe4 dxe4 13. Ne1 f6 14. Kc3 Nd5+
15. Kxb3 Nxf4 16. bxc6 bxc6 17. Ra6 e5 18. e3 exd4 19. exf4 d3 20. Bxd3 exd3
21. Nxd3 Be7 22. Rha1 Kf7 23. Rxa7 Rxa7 24. Rxa7 Rd8 25. Kc4 1-0

[Event "SR 2. liga A 2011/2012"]
[Site "?"]
[Date "2012.01.28"]
[Round "46.8"]
[White "Slaby, Jozef"]
[Black "Danada, Tomas"]
[Result "0-1"]
[WhiteElo "1856"]
[BlackElo "1960"]
[PlyCount "152"]
[EventDate "2011.??.??"]
[WhiteTeam "Slovakia"]
[BlackTeam "Slovakia"]
[WhiteTeamCountry "SVK"]
[BlackTeamCountry "SVK"]

1. d4 Nf6 2. c4 c5 3. d5 e6 4. Nc3 exd5 5. cxd5 Bd6 6. Nf3 O-O 7. Bg5 Re8 8. e3
Bf8 9. Bb5 a6 10. Ba4 b5 11. Bc2 d6 12. O-O Bg4 13. h3 Bh5 14. Rc1 Nbd7 15. Bd3
Ne5 16. Be2 Bxf3 17. Bxf3 h6 18. Bh4 b4 19. Nb1 Be7 20. Bg3 Nfd7 21. Re1 Qa5
22. a3 bxa3 23. Nxa3 Rab8 24. Ra1 Qb4 25. Rb1 Rb7 26. Be2 Ra8 27. f4 Ng6 28.
Bd3 Ngf8 29. Rf1 Nb6 30. Be1 Qa4 31. Bc2 Qe8 32. Bc3 Qd8 33. e4 Bf6 34. e5 dxe5
35. fxe5 Bg5 36. Be4 Rab8 37. Qf3 Na4 38. e6 f6 39. d6 Nxc3 40. Qxc3 Qxd6 41.
Bxb7 Rxb7 42. Rfd1 Qxe6 43. Qc4 Be3+ 44. Kf1 Bd4 45. Re1 Qxc4+ 46. Nxc4 Ng6 47.
Re8+ Kh7 48. Ra8 Rb4 49. b3 Ne5 50. Nxe5 fxe5 51. Rxa6 c4 52. Ra4 Rxb3 53. Rb4
Rc3 54. Ke2 Re3+ 55. Kf1 c3 56. Rc4 Rd3 57. Rc1 Kg6 58. Rc2 Kf5 59. Rc7 e4 60.
Rf7+ Ke6 61. Rc7 Kd6 62. Rc8 Kd5 63. Ke2 Re3+ 64. Kf1 Bc5 65. Rg8 Kc4 66. Rxg7
Kd3 67. Ra2 c2 68. Rd7+ Kc3 69. Ra1 Kb2 70. Rdd1 cxd1=B 71. Rxd1 Rd3 72. Re1 e3
73. g4 Rd2 74. Re2 Kc2 75. h4 Kd3 76. Re1 e2+ 0-1

[Event "SR 2. liga A 2011/2012"]
[Site "?"]
[Date "2012.01.28"]
[Round "47.1"]
[White "Rachela, Jozef"]
[Black "Kleman, Miroslav"]
[Result "0-1"]
[WhiteElo "2087"]
[BlackElo "2230"]
[PlyCount "62"]
[EventDate "2011.??.??"]
[WhiteTeam "Slovakia"]
[BlackTeam "Slovakia"]
[WhiteTeamCountry "SVK"]
[BlackTeamCountry "SVK"]

1. e4 e5 2. Nf3 d6 3. d4 Nd7 4. Bc4 c6 5. O-O Be7 6. Bb3 Ngf6 7. Nc3 Qc7 8. Kh1
h6 9. Qe2 Nf8 10. d5 c5 11. Nd2 g5 12. Nc4 Ng6 13. Be3 O-O 14. f3 Kh7 15. a4
Nh5 16. g3 Ng7 17. f4 exf4 18. gxf4 gxf4 19. Bxf4 Bh3 20. Rf2 Nxf4 21. Rxf4 f5
22. exf5 Rae8 23. f6 Rxf6 24. Qf3 Rxf4 25. Qxf4 Qd7 26. Rg1 Qf5 27. Qe4 Bf6 28.
Qxf5+ Nxf5 29. Nb5 Re2 30. c3 Nh4 31. Nbxd6 Nf3 0-1

[Event "SR 2. liga A 2011/2012"]
[Site "?"]
[Date "2012.01.28"]
[Round "47.2"]
[White "Tepper, Frantisek"]
[Black "Takacs, Laszlo"]
[Result "1/2-1/2"]
[WhiteElo "2163"]
[BlackElo "1976"]
[PlyCount "35"]
[EventDate "2011.??.??"]
[WhiteTeam "Slovakia"]
[BlackTeam "Slovakia"]
[WhiteTeamCountry "SVK"]
[BlackTeamCountry "SVK"]

1. e4 c5 2. Nf3 e6 3. Nc3 Nc6 4. Bb5 Qc7 5. a4 Nf6 6. O-O Nd4 7. Bc4 Ng4 8. g3
Nxf3+ 9. Qxf3 Ne5 10. Qe2 Nxc4 11. Qxc4 Qc6 12. Nb5 b6 13. d4 a6 14. Nc3 cxd4
15. Qxd4 f6 16. Be3 Bc5 17. Qd3 Bxe3 18. Qxe3 1/2-1/2

[Event "SR 2. liga A 2011/2012"]
[Site "?"]
[Date "2012.01.28"]
[Round "47.3"]
[White "Merva, Frantisek"]
[Black "Certek, Pavel"]
[Result "0-1"]
[WhiteElo "2047"]
[BlackElo "2322"]
[PlyCount "60"]
[EventDate "2011.??.??"]
[WhiteTeam "Slovakia"]
[BlackTeam "Slovakia"]
[WhiteTeamCountry "SVK"]
[BlackTeamCountry "SVK"]

1. e4 c5 2. Nf3 Nc6 3. d4 cxd4 4. Nxd4 g6 5. c4 Bg7 6. Nc2 d6 7. Nc3 Bxc3+ 8.
bxc3 Nf6 9. f3 Qa5 10. Qd2 Be6 11. Nd4 Rc8 12. Nxe6 fxe6 13. Rb1 Qc7 14. Be2 b6
15. O-O O-O 16. Qh6 Ne5 17. Qh3 Qd7 18. Bh6 Rfd8 19. f4 Nf7 20. f5 exf5 21.
exf5 Kh8 22. Be3 Rg8 23. Kh1 Ne5 24. Bd4 Rg7 25. Rbd1 Qc7 26. fxg6 Rxg6 27.
Bxe5 dxe5 28. Rxf6 Rxf6 29. Rd7 Rd8 30. Bd3 Rf1+ 0-1

[Event "SR 2. liga A 2011/2012"]
[Site "?"]
[Date "2012.01.28"]
[Round "47.4"]
[White "Fabry, Robert"]
[Black "Partys, Petr"]
[Result "1/2-1/2"]
[WhiteElo "2177"]
[BlackElo "2027"]
[PlyCount "82"]
[EventDate "2011.??.??"]
[WhiteTeam "Slovakia"]
[BlackTeam "Slovakia"]
[WhiteTeamCountry "SVK"]
[BlackTeamCountry "SVK"]

1. e4 c5 2. Nf3 e6 3. d4 cxd4 4. Nxd4 a6 5. c4 Qc7 6. Bd3 Nf6 7. O-O d6 8. Be3
Be7 9. Nc3 b6 10. Rc1 Bb7 11. f4 Nbd7 12. b4 O-O 13. f5 exf5 14. Nd5 Bxd5 15.
cxd5 Qb7 16. Rxf5 Rfe8 17. Nc6 Bf8 18. Bd4 Rac8 19. Qf1 Ra8 20. Qf4 a5 21. Qg3
Kh8 22. Rcf1 axb4 23. Bb1 Ra4 24. Qh4 b3 25. axb3 Rxd4 26. Nxd4 h6 27. Nc6 Kg8
28. b4 Qa6 29. e5 dxe5 30. Qg3 Kh8 31. Nxe5 Nxe5 32. Rxe5 Rd8 33. Qb3 Bd6 34.
Ref5 Qe2 35. Qh3 Qd2 36. Rxf6 gxf6 37. Qf5 Qd4+ 38. Kh1 Kg8 39. Qh7+ Kf8 40.
Qxh6+ Ke7 41. Bc2 Be5 1/2-1/2

[Event "SR 2. liga A 2011/2012"]
[Site "?"]
[Date "2012.01.28"]
[Round "47.5"]
[White "Koloditsova, Renata"]
[Black "Mikulas, Dusan"]
[Result "0-1"]
[WhiteElo "1839"]
[BlackElo "2142"]
[PlyCount "44"]
[EventDate "2011.??.??"]
[WhiteTeam "Slovakia"]
[BlackTeam "Slovakia"]
[WhiteTeamCountry "SVK"]
[BlackTeamCountry "SVK"]

1. d4 d5 2. Nf3 Nf6 3. c4 e6 4. Nc3 Nbd7 5. e3 Be7 6. Qc2 O-O 7. Bd2 b6 8. cxd5
exd5 9. Bd3 Bb7 10. g4 Re8 11. g5 Ne4 12. Nxe4 dxe4 13. Bxe4 Bxe4 14. Qxe4 Bxg5
15. Qg4 Bf6 16. O-O-O g6 17. h4 Bg7 18. Qf4 Nf6 19. Ne5 Qd5 20. Kb1 Nh5 21. Qg4
f6 22. Qf3 Rxe5 0-1

[Event "SR 2. liga A 2011/2012"]
[Site "?"]
[Date "2012.01.28"]
[Round "47.6"]
[White "Hecht, Tomas"]
[Black "Kahancova, Jana"]
[Result "1/2-1/2"]
[WhiteElo "1982"]
[BlackElo "1670"]
[PlyCount "58"]
[EventDate "2011.??.??"]
[WhiteTeam "Slovakia"]
[BlackTeam "Slovakia"]
[WhiteTeamCountry "SVK"]
[BlackTeamCountry "SVK"]

1. e4 e5 2. Nf3 Nc6 3. d4 exd4 4. c3 dxc3 5. Bc4 h6 6. Qb3 Qe7 7. Nxc3 Na5 8.
Qa4 Nxc4 9. Qxc4 c6 10. O-O d6 11. Bf4 Be6 12. Qa4 Qd7 13. Rad1 Qc7 14. Qa3 Nf6
15. Bxd6 Bxd6 16. Rxd6 O-O 17. Nd4 Rfe8 18. Rd1 a6 19. Nxe6 fxe6 20. Qb3 Qf7
21. Qb6 Kh7 22. f3 Rg8 23. Ne2 e5 24. b3 a5 25. Nc1 Ra6 26. Qc5 Re8 27. a4 Qe7
28. R1d3 Kh8 29. Ne2 Qf7 1/2-1/2

[Event "SR 2. liga A 2011/2012"]
[Site "?"]
[Date "2012.01.28"]
[Round "47.7"]
[White "Feher, Tibor"]
[Black "Kuna, Vladimir"]
[Result "0-1"]
[WhiteElo "1802"]
[BlackElo "2028"]
[PlyCount "66"]
[EventDate "2011.??.??"]
[WhiteTeam "Slovakia"]
[BlackTeam "Slovakia"]
[WhiteTeamCountry "SVK"]
[BlackTeamCountry "SVK"]

1. e4 c5 2. Nf3 d6 3. d4 cxd4 4. Nxd4 Nf6 5. Nc3 a6 6. Be2 e6 7. Be3 Qc7 8. O-O
Nbd7 9. Qd2 b5 10. a3 Bb7 11. f3 d5 12. exd5 Nxd5 13. Nxd5 Bxd5 14. Nb3 Bd6 15.
f4 Rc8 16. Rac1 g5 17. g3 gxf4 18. Bxf4 Bxf4 19. Qxf4 Qxf4 20. gxf4 Rg8+ 21.
Kf2 Rg2+ 22. Ke3 Rxh2 23. Nd2 Nf6 24. c4 bxc4 25. Nxc4 Rxe2+ 26. Kxe2 Rxc4 27.
Kd2 Rxc1 28. Rxc1 Kd7 29. Ke3 h5 30. Kf2 h4 31. Kg1 h3 32. Kh2 Bg2 33. b4 Ng4+
0-1

[Event "SR 2. liga A 2011/2012"]
[Site "?"]
[Date "2012.01.28"]
[Round "48.1"]
[White "Petreje, Juraj"]
[Black "Rohacek, Miroslav"]
[Result "0-1"]
[WhiteElo "2175"]
[BlackElo "2297"]
[PlyCount "128"]
[EventDate "2011.??.??"]
[WhiteTeam "Slovakia"]
[BlackTeam "Slovakia"]
[WhiteTeamCountry "SVK"]
[BlackTeamCountry "SVK"]

1. c4 e5 2. Nc3 f5 3. g3 Nf6 4. Bg2 d6 5. e3 c6 6. Nge2 Be6 7. d3 Be7 8. O-O
Nbd7 9. b3 O-O 10. Rb1 a5 11. a3 Qc7 12. d4 Bf7 13. Bb2 e4 14. Rc1 Qb6 15. d5
Nc5 16. Nd4 g6 17. Rb1 cxd5 18. cxd5 Nd3 19. Ba1 Nxd5 20. Na4 Qa6 21. Qd2 Nf6
22. Nb2 Ne5 23. Rfc1 Rac8 24. Rxc8 Rxc8 25. Rc1 b6 26. Na4 Nfd7 27. Rc3 Qb7 28.
Qc2 Rxc3 29. Nxc3 Nc5 30. b4 axb4 31. axb4 Qa8 32. Qd1 Ncd3 33. Qa4 Qxa4 34.
Nxa4 Nxb4 35. Nxb6 Nbd3 36. Nc8 Bf8 37. Nb5 d5 38. Ncd6 Ng4 39. Nxf7 Kxf7 40.
Nc7 Ngxf2 41. Nxd5 Bc5 42. Bf1 Ke6 43. Nf4+ Kd6 44. Bxd3 Nxd3 45. Nxd3 exd3 46.
Kf2 Kd5 47. Kf3 d2 48. Ke2 Ke4 49. Kxd2 Bxe3+ 50. Ke2 Bd4 51. Bxd4 Kxd4 52. Kf3
Ke5 53. Ke3 Kf6 54. Kf4 g5+ 55. Kf3 Ke5 56. Ke3 f4+ 57. Ke2 fxg3 58. hxg3 Ke4
59. Kf2 g4 60. Ke2 h6 61. Kf2 Kd3 62. Kg1 Ke3 63. Kg2 Ke2 64. Kg1 Kf3 0-1

[Event "SR 2. liga A 2011/2012"]
[Site "?"]
[Date "2012.01.28"]
[Round "48.2"]
[White "Kovac, Andrej"]
[Black "Bronis, Marian"]
[Result "0-1"]
[WhiteElo "2154"]
[BlackElo "2160"]
[PlyCount "64"]
[EventDate "2011.??.??"]
[WhiteTeam "Slovakia"]
[BlackTeam "Slovakia"]
[WhiteTeamCountry "SVK"]
[BlackTeamCountry "SVK"]

1. d4 d6 2. g3 e5 3. Nf3 e4 4. Nfd2 f5 5. Bg2 Nf6 6. c4 Be7 7. Nc3 O-O 8. O-O
Kh8 9. f4 a5 10. a3 c6 11. Rb1 Be6 12. e3 Nbd7 13. b4 Nb6 14. Qe2 Bf7 15. Bb2
axb4 16. axb4 Qd7 17. Rfc1 Na4 18. Nxa4 Rxa4 19. Bc3 Rfa8 20. Ra1 Qc8 21. Bf1
Rxa1 22. Rxa1 Rxa1 23. Bxa1 Qa8 24. Nb3 b5 25. Qc2 Ng4 26. d5 bxc4 27. Bxc4
Nxe3 28. Bxg7+ Kxg7 29. Qc3+ Bf6 30. Qxe3 cxd5 31. Bf1 Qa3 32. Kf2 Qb2+ 0-1

[Event "SR 2. liga A 2011/2012"]
[Site "?"]
[Date "2012.01.28"]
[Round "48.3"]
[White "Biro, Karol"]
[Black "Kimerling, Martin"]
[Result "1-0"]
[WhiteElo "2158"]
[BlackElo "2015"]
[PlyCount "99"]
[EventDate "2011.??.??"]
[WhiteTeam "Slovakia"]
[BlackTeam "Slovakia"]
[WhiteTeamCountry "SVK"]
[BlackTeamCountry "SVK"]

1. e4 d6 2. d4 Nf6 3. Nc3 g6 4. Be3 a6 5. f3 b5 6. Qd2 Nbd7 7. a4 b4 8. Na2 a5
9. Nc1 Bg7 10. Bc4 O-O 11. Nd3 Nb6 12. Bb3 Ba6 13. Ne2 Nc4 14. Bxc4 Bxc4 15. g4
Re8 16. Ng3 Nd7 17. Kf2 c5 18. c3 Rb8 19. Rhc1 bxc3 20. bxc3 e5 21. d5 Qh4 22.
Kg2 Bxd3 23. Qxd3 Rb2+ 24. Rc2 Reb8 25. Qd2 Rxc2 26. Qxc2 Bh6 27. Bf2 Qd8 28.
c4 Qb6 29. Be1 Bg5 30. Ne2 Bd8 31. Nc3 Qb2 32. Ra2 Qxc2+ 33. Rxc2 Rb4 34. Nb5
Rxa4 35. Nxd6 Kf8 36. Nb7 Ke8 37. Bf2 Bb6 38. Rb2 Rb4 39. Ra2 Bc7 40. Nxa5 Bxa5
41. Rxa5 Rxc4 42. Ra8+ Ke7 43. Bh4+ f6 44. Rh8 Rc2+ 45. Kh3 g5 46. Rxh7+ Kd6
47. Be1 Re2 48. Ba5 Ra2 49. Bd8 Ra3 50. Kg3 1-0

[Event "SR 2. liga A 2011/2012"]
[Site "?"]
[Date "2012.01.28"]
[Round "48.4"]
[White "Padysak, Tomas"]
[Black "Dolnak, Michal"]
[Result "1/2-1/2"]
[WhiteElo "2025"]
[BlackElo "2098"]
[PlyCount "84"]
[EventDate "2011.??.??"]
[WhiteTeam "Slovakia"]
[BlackTeam "Slovakia"]
[WhiteTeamCountry "SVK"]
[BlackTeamCountry "SVK"]

1. e4 e5 2. Nf3 Nc6 3. Bb5 a6 4. Ba4 Nf6 5. O-O Be7 6. Re1 b5 7. Bb3 O-O 8. h3
d6 9. c3 Na5 10. Bc2 c5 11. d4 Qc7 12. d5 Bd7 13. b3 Nb7 14. Nbd2 g6 15. Nf1
Ne8 16. Bh6 Ng7 17. g4 f6 18. Ng3 Nd8 19. Kg2 Nf7 20. Be3 Kh8 21. Rg1 Qc8 22.
Kh2 a5 23. a4 bxa4 24. bxa4 Rb8 25. Rb1 Qc7 26. Nd2 Rfc8 27. Nc4 Bd8 28. Qf3
Be7 29. Qh1 Qa7 30. Rxb8 Rxb8 31. Rb1 Bd8 32. Qc1 Bc7 33. Qa3 Ne8 34. Nf1 f5
35. f3 Rxb1 36. Bxb1 Qb8 37. Bc2 fxg4 38. hxg4 h5 39. gxh5 gxh5 40. Qc1 Qd8 41.
Qe1 Qf6 42. Nfd2 Ng7 1/2-1/2

[Event "SR 2. liga A 2011/2012"]
[Site "?"]
[Date "2012.01.28"]
[Round "48.5"]
[White "Kebis, Milos"]
[Black "Mikova, Veronika"]
[Result "1-0"]
[WhiteElo "2008"]
[BlackElo "2060"]
[PlyCount "85"]
[EventDate "2011.??.??"]
[WhiteTeam "Slovakia"]
[BlackTeam "Slovakia"]
[WhiteTeamCountry "SVK"]
[BlackTeamCountry "SVK"]

1. c4 e6 2. d4 f5 3. Nc3 Nf6 4. Nf3 Bb4 5. Qc2 b6 6. a3 Bxc3+ 7. Qxc3 Ne4 8.
Qc2 O-O 9. g3 Bb7 10. Bg2 d6 11. Ng5 Qf6 12. O-O Qg6 13. h4 h6 14. h5 Qxh5 15.
Nxe6 Rc8 16. d5 Nf6 17. Nf4 Qg5 18. e4 fxe4 19. Bxe4 Nxe4 20. Qxe4 Qf6 21. Be3
Nd7 22. Bd4 Ne5 23. Bxe5 dxe5 24. Ng6 Re8 25. Rae1 Bc8 26. Nh4 Bh3 27. Ng2 Bf5
28. Qe3 Re7 29. Qc3 Rae8 30. Re3 e4 31. Qxf6 gxf6 32. Rd1 Kf7 33. Rd4 Rd7 34.
Re1 Red8 35. Ne3 Bg6 36. Red1 f5 37. b4 Kf6 38. c5 Bf7 39. Kg2 Bh5 40. R1d2 b5
41. d6 cxd6 42. c6 Rc7 43. Nd5+ 1-0

[Event "SR 2. liga A 2011/2012"]
[Site "?"]
[Date "2012.01.28"]
[Round "48.6"]
[White "Sebo, Viktor"]
[Black "Mandak, Miroslav"]
[Result "1-0"]
[WhiteElo "1924"]
[BlackElo "2003"]
[PlyCount "87"]
[EventDate "2011.??.??"]
[WhiteTeam "Slovakia"]
[BlackTeam "Slovakia"]
[WhiteTeamCountry "SVK"]
[BlackTeamCountry "SVK"]

1. e4 c5 2. Nf3 Nc6 3. d4 cxd4 4. Nxd4 g6 5. Nc3 Bg7 6. Be3 Nf6 7. Be2 O-O 8.
Qd2 a6 9. h4 b5 10. a3 Bb7 11. h5 Ne5 12. Bh6 Bxh6 13. Qxh6 Qb6 14. Rd1 Rac8
15. Qg5 Rc5 16. Nf5 Qe6 17. f4 Rxc3 18. bxc3 Nc4 19. hxg6 fxg6 20. e5 Qxf5 21.
Qxf5 gxf5 22. Bxc4+ bxc4 23. exf6 Bc6 24. fxe7 Re8 25. Rh5 Rxe7+ 26. Kd2 Be4
27. Re1 Rg7 28. Rg5 Rxg5 29. fxg5 Kf7 30. g4 Kg6 31. gxf5+ Bxf5 32. Rg1 d6 33.
Ke3 Bxc2 34. Kd4 Bd3 35. Kd5 a5 36. Kxd6 Bc2 37. Rg4 a4 38. Rxc4 Kxg5 39. Rd4
h5 40. c4 h4 41. c5 h3 42. Rd2 Be4 43. c6 Bg2 44. c7 1-0

[Event "SR 2. liga A 2011/2012"]
[Site "?"]
[Date "2012.01.28"]
[Round "48.7"]
[White "Povysil, Peter"]
[Black "Sklars, Tomas"]
[Result "1/2-1/2"]
[WhiteElo "1990"]
[BlackElo "1898"]
[PlyCount "92"]
[EventDate "2011.??.??"]
[WhiteTeam "Slovakia"]
[BlackTeam "Slovakia"]
[WhiteTeamCountry "SVK"]
[BlackTeamCountry "SVK"]

1. Nf3 Nf6 2. d4 g6 3. c4 Bg7 4. Nc3 d6 5. e4 Nbd7 6. Be2 O-O 7. h3 e5 8. dxe5
Nxe5 9. Nxe5 dxe5 10. Qxd8 Rxd8 11. Bg5 c6 12. O-O h6 13. Be3 Be6 14. Rfd1 b6
15. a3 Ne8 16. Kf1 Nd6 17. b3 f5 18. exf5 Nxf5 19. Rxd8+ Rxd8 20. Rd1 Nxe3+ 21.
fxe3 Rxd1+ 22. Bxd1 Bf8 23. a4 Bb4 24. Ne4 Kf7 25. g4 g5 26. Ng3 Ke8 27. Bc2
Kd8 28. Ke2 a6 29. Kf3 b5 30. axb5 cxb5 31. cxb5 axb5 32. Ke4 Kd7 33. Nf5 Bxf5+
34. Kxf5 Bd6 35. Kg6 Bc5 36. Bf5+ Ke8 37. e4 Bf8 38. Kf6 Bd6 39. Ke6 Bb8 40. b4
Kd8 41. Kd5 Ke7 42. Kc6 Ba7 43. Kxb5 Kd6 44. Ka6 Bd4 45. Kb7 Bc3 46. b5 Kc5
1/2-1/2

[Event "SR 2. liga A 2011/2012"]
[Site "?"]
[Date "2012.01.28"]
[Round "48.8"]
[White "Rozarova, Katarina"]
[Black "Holubcik, Marian"]
[Result "0-1"]
[WhiteElo "1651"]
[BlackElo "2003"]
[PlyCount "50"]
[EventDate "2011.??.??"]
[WhiteTeam "Slovakia"]
[BlackTeam "Slovakia"]
[WhiteTeamCountry "SVK"]
[BlackTeamCountry "SVK"]

1. c4 e6 2. Nc3 d5 3. cxd5 exd5 4. d4 Nf6 5. Nf3 c6 6. Bf4 Bf5 7. h3 Nbd7 8.
Nh4 Be6 9. e3 Ne4 10. Nf3 Qa5 11. Qb3 Bb4 12. Rc1 Ndc5 13. dxc5 d4 14. Bc4 Nxc5
15. Qc2 Bxc4 16. Ne5 Ba6 17. exd4 Ne6 18. Qe4 O-O 19. Be3 Qxa2 20. Qc2 Rad8 21.
Rd1 Bb5 22. Rd2 Qa1+ 23. Rd1 Qa4 24. Qc1 Rfe8 25. Nf3 Nf4 0-1

[Event "SR 2. liga A 2011/2012"]
[Site "?"]
[Date "2012.01.29"]
[Round "49.1"]
[White "Bezuch, Martin"]
[Black "Pagerka, Martin"]
[Result "1-0"]
[WhiteElo "2210"]
[BlackElo "2200"]
[PlyCount "61"]
[EventDate "2011.??.??"]
[WhiteTeam "Slovakia"]
[BlackTeam "Slovakia"]
[WhiteTeamCountry "SVK"]
[BlackTeamCountry "SVK"]

1. e4 c5 2. Nf3 d6 3. d3 Nc6 4. g3 g6 5. Bg2 Bg7 6. O-O e6 7. Re1 Nge7 8. c3
O-O 9. Nbd2 Rb8 10. Nf1 b5 11. a3 a5 12. Be3 b4 13. axb4 axb4 14. Rc1 Bd7 15.
h4 Qa5 16. Qd2 Qa2 17. Ra1 Qb3 18. d4 Ra8 19. dxc5 bxc3 20. bxc3 Bxc3 21. Rxa8
Rxa8 22. Qd3 Nb4 23. Qxd6 Bxe1 24. Qxd7 Nbc6 25. Nxe1 Rd8 26. Qc7 e5 27. Nf3 f6
28. N1d2 Qd1+ 29. Bf1 h5 30. Kg2 Ra8 31. Qb7 1-0

[Event "SR 2. liga A 2011/2012"]
[Site "?"]
[Date "2012.01.29"]
[Round "49.2"]
[White "Bury, Rastislav"]
[Black "Sosovicka, Juraj"]
[Result "1-0"]
[WhiteElo "2173"]
[BlackElo "2198"]
[PlyCount "123"]
[EventDate "2011.??.??"]
[WhiteTeam "Slovakia"]
[BlackTeam "Slovakia"]
[WhiteTeamCountry "SVK"]
[BlackTeamCountry "SVK"]

1. d4 d5 2. Nf3 Nf6 3. g3 Bf5 4. Bg2 h6 5. c4 c6 6. Nc3 e6 7. O-O Nbd7 8. cxd5
cxd5 9. Bf4 Nh5 10. Bd2 Be7 11. Ne5 Nhf6 12. Rc1 O-O 13. Qb3 Nxe5 14. dxe5 Nd7
15. e4 Nc5 16. Qc2 dxe4 17. Be3 Nd3 18. Rcd1 Qc7 19. Qb3 Bg4 20. Rb1 Nxe5 21.
Bxe4 Bf3 22. Rbc1 Bxe4 23. Nxe4 Nc6 24. Qc3 Rfd8 25. b4 Qe5 26. Qxe5 Nxe5 27.
Rc7 Bxb4 28. Rxb7 Rdb8 29. Rxa7 Rxa7 30. Bxa7 Ra8 31. Be3 Rxa2 32. Rb1 Be7 33.
Rb8+ Kh7 34. Rb7 Ng6 35. h4 h5 36. Bg5 f6 37. Nxf6+ gxf6 38. Bxf6 Kh6 39. Bxe7
Nxe7 40. Rxe7 Re2 41. Kf1 Re5 42. Rf7 Kg6 43. Rf3 Ra5 44. Kg2 Ra2 45. Rb3 Ra5
46. f3 Rc5 47. g4 hxg4 48. fxg4 Ra5 49. Re3 Kf6 50. Kg3 e5 51. Rf3+ Kg6 52. h5+
Kg7 53. Kh4 Rb5 54. Re3 Kf6 55. g5+ Ke6 56. g6 Kf6 57. Rf3+ Kg7 58. Rf7+ Kg8
59. h6 Rb8 60. Kg5 Re8 61. h7+ Kh8 62. Kh6 1-0

[Event "SR 2. liga A 2011/2012"]
[Site "?"]
[Date "2012.01.29"]
[Round "49.3"]
[White "Oprea, Erik"]
[Black "Jozefek, Michal"]
[Result "0-1"]
[WhiteElo "2135"]
[BlackElo "1910"]
[PlyCount "48"]
[EventDate "2011.??.??"]
[WhiteTeam "Slovakia"]
[BlackTeam "Slovakia"]
[WhiteTeamCountry "SVK"]
[BlackTeamCountry "SVK"]

1. d4 Nf6 2. c4 e6 3. Nc3 Bb4 4. f3 d5 5. c5 O-O 6. Bg5 h6 7. Bd2 b6 8. a3 Bxc3
9. Bxc3 bxc5 10. dxc5 Re8 11. Qd2 e5 12. O-O-O Qe7 13. g4 d4 14. Bb4 a5 15.
Bxa5 Qxc5+ 16. Kb1 Qxa5 17. Qc1 Be6 18. h4 Nd5 19. Nh3 Nd7 20. e4 Ne3 21. Rd2
Reb8 22. Rd3 Nc5 23. Rxe3 dxe3 24. Qd1 Rxb2+ 0-1

[Event "SR 2. liga A 2011/2012"]
[Site "?"]
[Date "2012.01.29"]
[Round "49.4"]
[White "Spacek, Oliver"]
[Black "Szollos, Ondrej"]
[Result "1-0"]
[WhiteElo "1907"]
[BlackElo "2051"]
[PlyCount "142"]
[EventDate "2011.??.??"]
[WhiteTeam "Slovakia"]
[BlackTeam "Slovakia"]
[WhiteTeamCountry "SVK"]
[BlackTeamCountry "SVK"]

1. d4 Nf6 2. c4 d6 3. Nc3 c6 4. Nf3 Qc7 5. e4 e5 6. Be2 Be7 7. O-O O-O 8. Rb1
Bg4 9. d5 Nbd7 10. Be3 a6 11. a4 Nc5 12. Nd2 Bxe2 13. Qxe2 Ncd7 14. Rfc1 Rfb8
15. b4 c5 16. b5 h6 17. g3 Qc8 18. f4 exf4 19. gxf4 Nf8 20. Kh1 Ng4 21. Bg1 Bf6
22. h3 Bxc3 23. Rxc3 Nf6 24. e5 Ne8 25. b6 Qf5 26. Rf1 Nd7 27. a5 Rc8 28. Bh2
Nf8 29. Ne4 Qd7 30. Qc2 Ng6 31. Rg1 Nh4 32. Rg4 Nf5 33. Ng3 Nd4 34. Qd1 Qe7 35.
Nh5 Kh8 36. Re3 g6 37. Ng3 Ng7 38. Ne4 Ndf5 39. Re1 Nh5 40. exd6 Qd7 41. Qa1+
Kh7 42. Nf6+ Nxf6 43. Qxf6 Re8 44. Re5 Nxd6 45. Bg1 Ne4 46. Qh4 f6 47. Rxg6
Kxg6 48. f5+ Kg7 49. Rxe4 Rxe4 50. Qxe4 Qe8 51. Qe6 Rc8 52. Be3 Kh7 53. Bf4 Qg8
54. d6 Re8 55. Qxg8+ Kxg8 56. Kg2 Kf7 57. Kf3 Re1 58. Bxh6 Rd1 59. Be3 Rxd6 60.
Ke4 Rd1 61. Bxc5 Ra1 62. Bd4 Rxa5 63. c5 Ra3 64. Kd5 Rd3 65. Kc4 Rxh3 66. c6
Rh8 67. cxb7 Rb8 68. Kc5 Rxb7 69. Kc6 Rb8 70. Kc7 Re8 71. b7 Re7+ {time} 1-0